00735nam a2200193 a 450000100100000000500170001000800410002702000180006804000250008610000370011124500350014826000570018330000280024049000650026849000350033350000730036883000650044183000350050600003407820200930070744.0110914s2006 ag 000 0 spa d a9789505564859 aDO-SdBNPbspacBNPHU1 aPuiggrós, Rodolfo,d1906-1980.13aEl perionismo: /csus casas /. aBuenos Aires, Argentina :bEditorial Galerna,c2006. a166 p. :bil. ;c23 cm.1 aHistoria crítica de los partidos políticos Argentinosv51 aBiblioteca popularaDocumentos aIncluye referencias bibliográficas y notas al pie de las páginas 0aHistoria crítica de los partidos políticos Argentinosv5 0aBiblioteca popularpDocumentos